| 000 | 00604nam a2200241Ia 4500 | ||
|---|---|---|---|
| 999 |
_c53149 _d53149 |
||
| 001 | 20188 | ||
| 003 | GE_BSU | ||
| 005 | 20250701155640.0 | ||
| 008 | 181216s2007||||enk|||||||||||||| ||eng|| | ||
| 020 | _a9781405829151 | ||
| 040 | _cGE_BSU | ||
| 041 | _aeng | ||
| 080 | _a811.111(076) B-99 | ||
| 100 |
_aBygrave, Jonathan _916813 |
||
| 245 |
_aTotal English : Workbook : Starter / _cJonathan Bygrave. |
||
| 264 |
_aHarlow : _bPearson Longman, _c2007. |
||
| 300 |
_a83 p. ; _c29 cm. |
||
| 541 | _h5 ლ. | ||
| 653 | _aTotal English | ||
| 653 | _aWorkbook | ||
| 653 | _aStarter | ||
| 942 |
_cBK _2udc |
||